000 00327nam a2200145Ia 4500
008 200103s9999||||xx |||||||||||||| ||und||
020 _a0333937406,
040 _aIMU-MPC
082 _aColumn-65
100 _aKhera, Shiv
245 0 _aYou can win
260 _bMacmillan, London
_c2004
300 _axiii, 290
942 _cBK
999 _c11516
_d11516